<?xml version="1.0" encoding="UTF-8"?>
<record
    xmlns:xsi="http://www.w3.org/2001/XMLSchema-instance"
    xsi:schemaLocation="http://www.loc.gov/MARC21/slim http://www.loc.gov/standards/marcxml/schema/MARC21slim.xsd"
    xmlns="http://www.loc.gov/MARC21/slim">

  <leader>01143nam a2200265 a 4500</leader>
  <controlfield tag="008">180918s2011    ag  |||g |||| 001 j|spa d</controlfield>
  <datafield tag="020" ind1=" " ind2=" ">
    <subfield code="a">9789876042246</subfield>
  </datafield>
  <datafield tag="041" ind1=" " ind2=" ">
    <subfield code="a">spa</subfield>
  </datafield>
  <datafield tag="092" ind1=" " ind2=" ">
    <subfield code="c">808.8</subfield>
    <subfield code="l">51</subfield>
    <subfield code="s">MAR</subfield>
  </datafield>
  <datafield tag="245" ind1=" " ind2="3">
    <subfield code="a">El agujero violeta de la luna /</subfield>
    <subfield code="c">Victoria Mart&#xED;nez</subfield>
  </datafield>
  <datafield tag="250" ind1=" " ind2=" ">
    <subfield code="a">1a ed.</subfield>
  </datafield>
  <datafield tag="260" ind1=" " ind2=" ">
    <subfield code="a">Neuqu&#xE9;n:</subfield>
    <subfield code="b">EDUCO;</subfield>
    <subfield code="c">2011.</subfield>
  </datafield>
  <datafield tag="300" ind1=" " ind2=" ">
    <subfield code="a">139 p.</subfield>
    <subfield code="b">21x15 cm</subfield>
  </datafield>
  <datafield tag="500" ind1=" " ind2=" ">
    <subfield code="a">Mart&#xED;nez, V. et al. (2011). El agujero violeta de la luna. Antolog&#xED;a. (1a ed.). Neuqu&#xE9;n : EDUCO</subfield>
  </datafield>
  <datafield tag="505" ind1=" " ind2=" ">
    <subfield code="a">Esta antolog&#xED;a es el producto del "Taller de Victoria" 2010. As&#xED; como est&#xE1; de moda lo "at&#xED;pico", &#xE9;sta, para estar actualizada, lo es. Sumamos s&#xE1;bados, ganas, estilos, personalidades, ocurrencias, y nos dejamos llevar hacia donde la imaginaci&#xF3;n o el sentido com&#xFA;n nos gu&#xED;en. </subfield>
  </datafield>
  <datafield tag="590" ind1=" " ind2=" ">
    <subfield code="a">Proyecto 4to Libro. Donaci&#xF3;n EDUCO, Septiembre 2017.</subfield>
  </datafield>
  <datafield tag="655" ind1=" " ind2=" ">
    <subfield code="a">Cuentos cortos</subfield>
    <subfield code="9">3278</subfield>
  </datafield>
  <datafield tag="700" ind1="1" ind2=" ">
    <subfield code="a">Del Rey, Alejandro</subfield>
    <subfield code="9">3279</subfield>
  </datafield>
  <datafield tag="700" ind1="1" ind2=" ">
    <subfield code="a">Martinez, Victoria</subfield>
    <subfield code="9">3280</subfield>
  </datafield>
  <datafield tag="700" ind1="1" ind2=" ">
    <subfield code="a">Ger&#xE9;z, Gloria C.</subfield>
    <subfield code="9">3281</subfield>
  </datafield>
  <datafield tag="700" ind1="1" ind2=" ">
    <subfield code="a">G&#xF3;mez, Alberto J.</subfield>
    <subfield code="9">3282</subfield>
  </datafield>
  <datafield tag="700" ind1="1" ind2=" ">
    <subfield code="a">L&#xF3;pez, Cristina</subfield>
    <subfield code="9">3283</subfield>
  </datafield>
  <datafield tag="700" ind1="1" ind2=" ">
    <subfield code="a">Solenzi, Ana Mar&#xED;a</subfield>
    <subfield code="9">3284</subfield>
  </datafield>
  <datafield tag="942" ind1=" " ind2=" ">
    <subfield code="2">ddc</subfield>
    <subfield code="c">LIT</subfield>
  </datafield>
  <datafield tag="999" ind1=" " ind2=" ">
    <subfield code="c">2464</subfield>
    <subfield code="d">2464</subfield>
  </datafield>
  <datafield tag="952" ind1=" " ind2=" ">
    <subfield code="0">0</subfield>
    <subfield code="1">0</subfield>
    <subfield code="2">ddc</subfield>
    <subfield code="4">0</subfield>
    <subfield code="7">0</subfield>
    <subfield code="a">BFM</subfield>
    <subfield code="b">BFM</subfield>
    <subfield code="c">CR</subfield>
    <subfield code="d">2017-09-20</subfield>
    <subfield code="e">Proyecto 4to Libro. Donaci&#xF3;n EDUCO, Septiembre 2017.</subfield>
    <subfield code="l">0</subfield>
    <subfield code="o">808.8 51 MAR</subfield>
    <subfield code="p">3912</subfield>
    <subfield code="r">2017-09-20</subfield>
    <subfield code="t">Ej. 1</subfield>
    <subfield code="w">2017-09-20</subfield>
    <subfield code="y">LIT</subfield>
    <subfield code="z">Proyecto 4to Libro. Donaci&#xF3;n EDUCO, Septiembre 2017.</subfield>
  </datafield>
</record>
